| 000 | 00787nmm a2200289 a 4500 | ||
|---|---|---|---|
| 003 | AR-BaBNM | ||
| 005 | 20251128211100.0 | ||
| 008 | 302020s2002 ||||||||||||||000 | spa|| | ||
| 020 | _a950-511-787-6 | ||
| 040 | _cAR-BaBNM | ||
| 245 | 1 | 0 | _aEl libro de los pecados, los vicios y las virtudes |
| 260 |
_aBuenos Aires _bAlfaguara _c2002 |
||
| 300 | 0 | _a398 p. | |
| 500 | 0 | _aContiene referencias bibliográficas | |
| 650 | 4 | _aLITERATURA POPULAR | |
| 650 | 4 | _aANTOLOGIAS | |
| 650 | 4 | _aLITERATURA FOLKLORICA | |
| 650 | 4 | _aANTROPOLOGIA CULTURAL Y SOCIAL | |
| 650 | 4 | _aTRADICION ORAL | |
| 650 | 4 | _aMITOLOGIA | |
| 650 | 4 | _aLEYENDAS | |
| 650 | 4 | _aCOSTUMBRES Y TRADICIONES | |
| 655 | _aLITERATURA | ||
| 700 | 1 |
_aShua, Ana María _ecompilador |
|
| 942 | _cBK | ||
| 998 | _cmartín | ||
| 999 |
_c18147 _d18147 |
||